000 00348nam a2200169Ia 4500
100 _aBoyle/Godfrey
650 _aEnergy
250 _a2
942 _cBK
366 _f20
245 _aRenewable energy
260 _bOxford university press
_c2004
082 _a621.042
_bBOY
300 _a452
546 _aENGLISH
_cPAMPHALETS
999 _c22691
_d22691